000 01311nam0a2200349 4500
001 RU\NLR\bibl\1373898
005 20250615191356.0
010 _a978-5-91146-267-3
_960
021 _aRU
_b2009-24121
_91430
035 _a(nilc)RSL-KNO-004270489
035 _a(NLR Aleph) 001366016
090 _a1011375
_c1011375
100 _a20090331d2009 |||y0rusy50 ca
101 0 _arus
102 _aRU
105 _ay |||||||||
200 1 _aПредки и потомки Глазовско-Куратовского рода и родственных фамилий
_fсост. и ред. Н. П. Глазов
210 _aМосква
_aМалаховка
_cИПЦ "Маска"
_d2009
215 _a177 с.
_cил., портр.
_d30
602 _aКуратовы (род)
_92112956
_3RU\NLR\auth\661276780
686 _aТ214(2Р-4Пс)0-21Глазовы.я2
_2rubbk
686 _aТ214(2Р-6Ко)0-21Куратовы.я2
_2rubbk
686 _aШ5(2=Ко)5-4Куратов И.А.21я2
_2rubbk
686 _aТ214(2)
702 1 _aГлазов
_bН. П.
_f1935-
_gНиколай Петрович
_4220
801 0 _aRU
_bРГБ
_c20090331
_grcr
801 1 _aRU
_bРГБ
_c20090331
801 2 _aRU
_bNLR
_c20090528
_grcr
942 _cBOOK
980 _aNB
980 _aGENEAL02